[Event "Jan Macieja Memorial"]
[Site "Warsaw POL"]
[Date "2023.07.10"]
[Round "7.23"]
[White "Janeczko, Jakub"]
[Black "Dworakowska, Joanna"]
[Result "1/2-1/2"]
[WhiteElo "1991"]
[BlackElo "2234"]
[EventDate "2023.07.10"]
[PlyCount "104"]

1.e4 c5 2.d3 Nc6 3.g3 g6 4.Bg2 Bg7 5.f4 Rb8 6.Nf3 b5 7.Nc3 d6 8.O-O Nf6 9.h3 
O-O 10.g4 Nd4 11.Nxd4 cxd4 12.Ne2 Nd7 13.g5 f5 14.gxf6 Nxf6 15.Nxd4 Qb6 16.Be3 
Nd5 17.exd5 Bxd4 18.Bxd4 Qxd4+ 19.Kh1 Qxb2 20.Qe2 Rb7 21.Rae1 Rc7 22.Rf2 Qxa2 
23.Be4 b4 24.f5 gxf5 25.Qh5 Kh8 26.Rg1 e5 27.Qh6 Rcf7 28.Bxf5 Bxf5 29.Rxf5 
Qxd5+ 30.Kh2 Qb7 31.Rg7 Rxg7 32.Rxf8+ Rg8 33.Qf6+ Qg7 34.Rxg8+ Kxg8 35.Qxd6 a5 
36.Qd8+ Qf8 37.Qg5+ Qg7 38.Qd8+ Kf7 39.Qxa5 Qf6 40.Qa7+ Kg6 41.Qg1+ Kf7 42.Qa7+ 
Kg6 43.Qg1+ Kh5 44.Qd1+ Kh6 45.Qd2+ Kg6 46.Kg2 Qg5+ 47.Qxg5+ Kxg5 48.Kf3 Kf5 
49.Ke3 h5 50.Kf3 h4 51.Ke3 Kf6 52.Ke4 Ke6 1/2-1/2

[Event "Jan Macieja Memorial"]
[Site "Warsaw POL"]
[Date "2023.07.10"]
[Round "7.24"]
[White "Paprocki, Antoni"]
[Black "Chomczyk, Marek"]
[Result "0-1"]
[WhiteElo "1978"]
[BlackElo "2217"]
[EventDate "2023.07.10"]
[PlyCount "90"]

1.g3 Nf6 2.Bg2 g6 3.Nf3 Bg7 4.O-O O-O 5.d4 d6 6.c4 c5 7.d5 e6 8.dxe6 fxe6 9.Nc3 
Nc6 10.Bg5 h6 11.Bxf6 Bxf6 12.Qd3 Kg7 13.e3 Qe7 14.Rad1 Rd8 15.b3 Rb8 16.Ne4 d5 
17.Nxf6 Qxf6 18.cxd5 exd5 19.e4 d4 20.Rfe1 Bg4 21.e5 Qf5 22.Qxf5 Bxf5 23.Nd2 
Nb4 24.Nc4 Nxa2 25.Ra1 Nb4 26.Rxa7 Be6 27.Rxb7+ Rxb7 28.Bxb7 Nd3 29.Re2 Nc1 
30.Rb2 Nxb3 31.Rxb3 Bxc4 32.Rb1 d3 33.Bf3 Be6 34.Rb7+ Kh8 35.Rc7 c4 36.Bd1 Rd7 
37.Rc8+ Kg7 38.Rc5 Ra7 39.Kg2 Ra1 40.Bf3 d2 41.Rc7+ Kf8 42.Rc6 Ke7 43.Rd6 c3 
44.h4 c2 45.h5 c1=Q 0-1

[Event "Jan Macieja Memorial"]
[Site "Warsaw POL"]
[Date "2023.07.10"]
[Round "7.25"]
[White "Adamski, Jan"]
[Black "Kokoszczynski, Jan"]
[Result "0-1"]
[WhiteElo "1966"]
[BlackElo "2198"]
[EventDate "2023.07.10"]
[PlyCount "41"]

1.d4 Nf6 2.c4 e6 3.Nf3 Bb4+ 4.Nbd2 O-O 5.a3 Bxd2+ 6.Bxd2 d6 7.Qc2 Re8 8.Bc3 Nc6 
9.Rd1 Qe7 10.e3 e5 11.d5 e4 12.dxc6 exf3 13.gxf3 bxc6 14.Bd3 d5 15.Rg1 Ba6 
16.Bxh7+ Kh8 17.Bd3 Bxc4 18.Bxc4 dxc4 19.Rd4 Nd5 20.Rxd5 cxd5 21.Bxg7+ 0-1

[Event "Jan Macieja Memorial"]
[Site "Warsaw POL"]
[Date "2023.07.10"]
[Round "7.26"]
[White "Ladan, Nicholas"]
[Black "Pires, Emanuel Joao Robarts"]
[Result "1-0"]
[WhiteElo "2162"]
[BlackElo "2005"]
[EventDate "2023.07.10"]
[PlyCount "81"]

1.e3 d5 2.Nc3 c5 3.Bb5+ Nc6 4.d4 Nf6 5.dxc5 e6 6.b4 Bd7 7.a3 Be7 8.Bb2 a5 
9.Bxc6 bxc6 10.Na4 O-O 11.Nb6 Ra7 12.Nf3 Ne4 13.Ne5 Be8 14.O-O f6 15.Nd3 e5 
16.f4 exf4 17.Nxf4 Bf7 18.Qd4 Qc7 19.Nfxd5 cxd5 20.Nxd5 Qe5 21.Qxe5 fxe5 22.c4 
Nd2 23.Nxe7+ Rxe7 24.Rfd1 Nxc4 25.Bc3 Nxe3 26.Rd6 Nc4 27.Ra6 axb4 28.axb4 e4 
29.b5 e3 30.b6 Bd5 31.c6 Bxc6 32.Bb4 Bb5 33.Bxe7 Re8 34.Ra8 Kf7 35.b7 Rxe7 
36.Rf8+ Kxf8 37.b8=Q+ Be8 38.Qf4+ Kg8 39.Qxc4+ Bf7 40.Ra8+ Re8 41.Rxe8# 1-0

[Event "Jan Macieja Memorial"]
[Site "Warsaw POL"]
[Date "2023.07.10"]
[Round "7.27"]
[White "Siekanska, Maria"]
[Black "Minald, Andrey"]
[Result "0-1"]
[WhiteElo "1902"]
[BlackElo "2155"]
[EventDate "2023.07.10"]
[PlyCount "81"]

1.e4 Nf6 2.e5 Nd5 3.d4 d6 4.exd6 cxd6 5.c4 Nf6 6.Nc3 g6 7.g3 Bg7 8.Bg2 Nc6 
9.Nf3 O-O 10.O-O Bg4 11.h3 Bd7 12.d5 Nb8 13.Re1 Re8 14.Kh2 a5 15.Be3 Na6 16.Rc1 
b6 17.b3 Nc5 18.Nd4 Qc8 19.Qd2 Bf5 20.Nxf5 Qxf5 21.Nb5 Rab8 22.Nd4 Qd3 23.Qb2 
Nfd7 24.Nc6 Bxb2 25.Rcd1 Qf5 26.g4 Qf6 27.f4 Rbc8 28.Re2 Qg7 29.Bf2 Bf6 30.Bg3 
h5 31.g5 Bd4 32.Nxe7+ Rxe7 33.Rxe7 Qf8 34.Rde1 Nd3 35.R1e2 Bg7 36.f5 N7e5 37.f6 
Bh8 38.Be4 Re8 39.Bxd3 Rxe7 40.fxe7 Qxe7 41.Kg2 0-1

[Event "Jan Macieja Memorial"]
[Site "Warsaw POL"]
[Date "2023.07.10"]
[Round "7.28"]
[White "Dzida, Kamil"]
[Black "Szewczyk, Mariusz"]
[Result "1-0"]
[WhiteElo "2139"]
[BlackElo "1994"]
[EventDate "2023.07.10"]
[PlyCount "65"]

1.e4 e5 2.Nf3 Nc6 3.Bb5 a6 4.Ba4 Nf6 5.O-O Be7 6.Re1 b5 7.Bb3 d6 8.c3 O-O 9.h3 
Na5 10.Bc2 c5 11.d4 Qc7 12.Nbd2 Re8 13.Nf1 h6 14.Ne3 Bf8 15.Nd5 Qd8 16.Nxf6+ 
Qxf6 17.a4 Bb7 18.d5 c4 19.Be3 Be7 20.Nd2 Rec8 21.Qe2 Bd8 22.Rf1 Bc7 23.f4 exf4 
24.Rxf4 Qd8 25.Raf1 f6 26.Nf3 Bb6 27.Nd4 Bxd4 28.Bxd4 Nb3 29.Bxb3 cxb3 30.Qg4 
Kh7 31.Rxf6 gxf6 32.Qf5+ Kg8 33.Qg6+ 1-0

[Event "Jan Macieja Memorial"]
[Site "Warsaw POL"]
[Date "2023.07.10"]
[Round "7.29"]
[White "Szewczak, Andrzej"]
[Black "Kaliszuk, Kamil"]
[Result "0-1"]
[WhiteElo "1843"]
[BlackElo "2134"]
[EventDate "2023.07.10"]
[PlyCount "81"]

1.e4 c5 2.Nf3 Nc6 3.Bb5 e6 4.O-O Nge7 5.c3 d5 6.exd5 Qxd5 7.Ba4 Ng6 8.d4 cxd4 
9.Nxd4 Bd7 10.Nf3 Qxd1 11.Rxd1 Be7 12.Be3 O-O-O 13.Nbd2 b6 14.Bb5 Kb7 15.Ne4 
Bc8 16.Neg5 Nce5 17.Nxe5 Nxe5 18.Bf4 Bxg5 19.Bxg5 f6 20.Bf4 Nc6 21.Be3 e5 22.a4 
a6 23.Be2 Be6 24.Bf3 Bb3 25.Re1 Kc7 26.Ra3 Bd5 27.Be2 Kb7 28.b4 Be6 29.Rea1 Rd7 
30.b5 axb5 31.axb5 Na5 32.Bf3+ Bd5 33.Bxb6 Bxf3 34.Bxa5 Be2 35.Rb1 Ra8 36.h3 
Rd5 37.Rb2 Bd3 38.Bb4 Rxa3 39.Bxa3 Rxb5 40.Rxb5+ Bxb5 41.Bf8 0-1

[Event "Jan Macieja Memorial"]
[Site "Warsaw POL"]
[Date "2023.07.10"]
[Round "7.30"]
[White "Golecki, Jan"]
[Black "Korbal, Arkadiusz"]
[Result "1-0"]
[WhiteElo "2122"]
[BlackElo "1956"]
[EventDate "2023.07.10"]
[PlyCount "49"]

1.e4 c5 2.Nf3 Nc6 3.Bb5 g6 4.O-O Bg7 5.c3 Nf6 6.Re1 O-O 7.d4 cxd4 8.cxd4 d5 
9.e5 Ne4 10.Nc3 Nxc3 11.bxc3 Na5 12.Rb1 Bf5 13.Bd3 Bxd3 14.Qxd3 Rc8 15.Ba3 b6 
16.h4 Nc4 17.Bc1 Qc7 18.h5 Rfe8 19.e6 f5 20.hxg6 hxg6 21.Nh4 Nd6 22.Bd2 Qc4 
23.Qg3 Ne4 24.Qxg6 Nxd2 25.Nxf5 1-0

[Event "Jan Macieja Memorial"]
[Site "Warsaw POL"]
[Date "2023.07.10"]
[Round "7.31"]
[White "Zubova, Mariya"]
[Black "Majek, Kacper"]
[Result "0-1"]
[WhiteElo "2116"]
[BlackElo "1950"]
[EventDate "2023.07.10"]
[PlyCount "90"]

1.e4 e5 2.Nf3 Nc6 3.Bb5 a6 4.Ba4 Nf6 5.O-O Nxe4 6.d4 b5 7.Bb3 d5 8.dxe5 Be6 
9.c3 Be7 10.Bc2 O-O 11.Qe2 Qd7 12.Bxe4 dxe4 13.Qxe4 Bd5 14.Rd1 Bxe4 15.Rxd7 
Rad8 16.Rxd8 Rxd8 17.Nbd2 Bxf3 18.gxf3 Bg5 19.Nb3 Rd1+ 20.Kg2 Bxc1 21.Rxc1 Rxc1 
22.Nxc1 Nxe5 23.f4 Nc4 24.Nd3 Kf8 25.Kf3 Ke7 26.Ke4 Kd6 27.Kd4 f6 28.b3 Na5 
29.Ke4 Nc6 30.h4 Ne7 31.c4 c5 32.cxb5 axb5 33.Nb2 Nd5 34.a4 g6 35.f5 c4 36.bxc4 
Nc3+ 37.Kd3 Nxa4 38.Nxa4 bxa4 39.fxg6 hxg6 40.Kc3 Kc5 41.f4 f5 42.Kd3 Kb4 
43.Kd4 a3 44.c5 a2 45.Kd5 a1=Q 0-1

[Event "Jan Macieja Memorial"]
[Site "Warsaw POL"]
[Date "2023.07.10"]
[Round "7.32"]
[White "Kowalski, Witold"]
[Black "Redzisz, Michal"]
[Result "1-0"]
[WhiteElo "1466"]
[BlackElo "2103"]
[EventDate "2023.07.10"]
[PlyCount "89"]

1.e4 e5 2.Nf3 Nf6 3.Nxe5 d6 4.Nf3 Nxe4 5.c3 d5 6.d4 Bd6 7.Bd3 O-O 8.O-O Bg4 
9.h3 Bh5 10.Nbd2 Nf6 11.Re1 c6 12.Nf1 h6 13.Ne3 Re8 14.Bd2 Nbd7 15.Nf5 Bc7 
16.Ng3 Bg6 17.Qc2 Bxd3 18.Qxd3 Bxg3 19.fxg3 Ne4 20.g4 Qc7 21.Nh4 Re6 22.Re3 
Rae8 23.Rae1 Nf8 24.Nf5 Ng6 25.R3e2 Ne7 26.Bc1 Nxf5 27.gxf5 Rf6 28.Rf1 g6 
29.Bf4 Qd7 30.fxg6 Rxg6 31.Qf3 Kh7 32.Be5 Reg8 33.Qxf7+ Qxf7 34.Rxf7+ R8g7 
35.Bxg7 Rxg7 36.Rxg7+ Kxg7 37.Re3 Kg6 38.g3 Kf5 39.Kg2 c5 40.Rd3 Ke6 41.Kf3 b5 
42.h4 b4 43.Re3 cxd4 44.cxd4 h5 45.Rxe4+ 1-0

[Event "Jan Macieja Memorial"]
[Site "Warsaw POL"]
[Date "2023.07.10"]
[Round "7.33"]
[White "Chmiel, Marcin"]
[Black "Babiarz, Arkadiusz"]
[Result "1-0"]
[WhiteElo "2084"]
[BlackElo "1895"]
[EventDate "2023.07.10"]
[PlyCount "45"]

1.c4 e6 2.g3 d5 3.Bg2 dxc4 4.Qa4+ Bd7 5.Qxc4 Bc6 6.Nf3 Nf6 7.Nc3 Nbd7 8.O-O Bd6 
9.e4 O-O 10.Qe2 e5 11.d4 exd4 12.Nxd4 Ne5 13.Kh1 Bc5 14.Nxc6 Nxc6 15.f4 Qe7 
16.e5 Nd7 17.Nd5 Qd8 18.Bd2 Nd4 19.Qg4 c6 20.Ne3 Re8 21.Bc3 Nb5 22.Nf5 Bf8 
23.Nh6+ 1-0

[Event "Jan Macieja Memorial"]
[Site "Warsaw POL"]
[Date "2023.07.10"]
[Round "7.34"]
[White "Mulawa, Cyprian"]
[Black "Michalska, Aleksandra"]
[Result "1-0"]
[WhiteElo "2081"]
[BlackElo "1730"]
[EventDate "2023.07.10"]
[PlyCount "81"]

1.d4 d5 2.c4 dxc4 3.Nf3 Nf6 4.Qa4+ Bd7 5.Qxc4 e6 6.g3 Be7 7.Bg2 c6 8.O-O O-O 
9.Nc3 Na6 10.e4 Rc8 11.Qe2 c5 12.e5 Ne8 13.d5 exd5 14.Nxd5 Bc6 15.Nxe7+ Qxe7 
16.Bf4 Nec7 17.Rad1 Ne6 18.Be3 Nb4 19.a3 Nd5 20.Bc1 Ndc7 21.Rfe1 Rfd8 22.h4 h6 
23.Be3 Nb5 24.Rxd8+ Rxd8 25.Rd1 Bxf3 26.Rxd8+ Qxd8 27.Qxf3 b6 28.Qb7 Nbd4 
29.Qxa7 Ne2+ 30.Kh2 Qd1 31.Qa8+ Kh7 32.Be4+ g6 33.h5 Qg1+ 34.Kh3 Nxg3 35.hxg6+ 
Kg7 36.gxf7 Kxf7 37.Qb7+ Kg8 38.Qh7+ Kf8 39.Bxh6+ Ke8 40.Bc6+ Kd8 41.Qd7# 1-0

[Event "Jan Macieja Memorial"]
[Site "Warsaw POL"]
[Date "2023.07.10"]
[Round "7.36"]
[White "Lewandrowski, Tomasz"]
[Black "Jedrusik, Adam"]
[Result "0-1"]
[WhiteElo "1797"]
[BlackElo "2023"]
[EventDate "2023.07.10"]
[PlyCount "85"]

1.d4 Nf6 2.Nf3 d5 3.e3 Bg4 4.Be2 e6 5.h3 Bh5 6.O-O c5 7.c4 Nc6 8.Nc3 cxd4 
9.Nxd4 Bxe2 10.Qxe2 Be7 11.cxd5 Nxd4 12.exd4 Nxd5 13.Qb5+ Qd7 14.Nxd5 exd5 
15.Qxd7+ Kxd7 16.Bf4 Bf6 17.Be5 Bxe5 18.dxe5 Rac8 19.Rac1 g5 20.g3 Ke6 21.f4 
gxf4 22.gxf4 Kf5 23.Rcd1 Rhg8+ 24.Kh1 Rgd8 25.Rf2 Rc4 26.Rdf1 d4 27.Kg2 d3 
28.Kg3 Rc2 29.Rxc2 dxc2 30.Rc1 Rd2 31.Kf3 h5 32.a4 a5 33.Ke3 Rh2 34.h4 Rxh4 
35.Rxc2 Rxf4 36.Rc5 Rxa4 37.b3 Ra3 38.Kd4 Rxb3 39.Rxa5 Rb4+ 40.Kd5 h4 41.Kd6 
Rc4 42.e6+ Kf6 43.Kd5 0-1

[Event "Jan Macieja Memorial"]
[Site "Warsaw POL"]
[Date "2023.07.10"]
[Round "7.37"]
[White "Kotowicz, Kamil"]
[Black "Kubicka, Anna"]
[Result "1-0"]
[WhiteElo "1726"]
[BlackElo "2144"]
[EventDate "2023.07.10"]
[PlyCount "105"]

1.d4 Nf6 2.c4 c5 3.d5 e6 4.Nc3 exd5 5.cxd5 d6 6.e4 g6 7.Be2 Bg7 8.Nf3 a6 9.a4 
O-O 10.Nd2 Nbd7 11.Nc4 Nb6 12.O-O Re8 13.Qc2 Nxc4 14.Bxc4 b6 15.h3 Nh5 16.Bd2 
Qh4 17.Be2 Bd4 18.Bxh5 Qxh5 19.Bf4 Be5 20.Bxe5 Qxe5 21.Rae1 f5 22.f4 Qd4+ 
23.Qf2 Qxf2+ 24.Kxf2 fxe4 25.Nxe4 Bb7 26.Nf6+ Kf7 27.Nxe8 Rxe8 28.Rxe8 Kxe8 
29.Rd1 Bc8 30.g4 Bd7 31.b3 Kf7 32.Kf3 b5 33.axb5 axb5 34.Ra1 c4 35.bxc4 bxc4 
36.Rc1 Bb5 37.Ke4 h6 38.Kd4 Kf6 39.Rb1 Bd7 40.Rb6 Ke7 41.Kxc4 h5 42.gxh5 gxh5 
43.h4 Bg4 44.Kd4 Bf5 45.Rb7+ Kf6 46.Ra7 Bg4 47.Ke3 Bh3 48.Rc7 Bg2 49.Kd4 Bf3 
50.Rd7 Kf5 51.Rxd6 Bg4 52.Rh6 Kxf4 53.d6 1-0

[Event "Jan Macieja Memorial"]
[Site "Warsaw POL"]
[Date "2023.07.10"]
[Round "7.38"]
[White "Gluszko, Monika"]
[Black "Socko, Monika"]
[Result "0-1"]
[WhiteElo "1829"]
[BlackElo "2326"]
[EventDate "2023.07.10"]
[PlyCount "80"]

1.e4 c6 2.c4 d5 3.exd5 cxd5 4.cxd5 Nf6 5.Nc3 Nxd5 6.Bb5+ Nc6 7.Qb3 e6 8.Nf3 Nc7 
9.Bxc6+ bxc6 10.O-O Be7 11.Ne5 Qd6 12.d4 O-O 13.Qa4 Bb7 14.Ne4 Qd5 15.Nc3 Qd6 
16.Ne4 Qb4 17.Qxb4 Bxb4 18.Bf4 Nd5 19.Be3 Rfd8 20.a3 Be7 21.Rac1 Rac8 22.Nc5 
Ba8 23.b4 f6 24.Nc4 Nb6 25.Nxe6 Re8 26.Nc5 Rcd8 27.Rfd1 Nd5 28.Ne6 Rc8 29.Nc5 
Bf8 30.Na5 Nxe3 31.fxe3 Rxe3 32.Nab3 Kf7 33.Kf2 Re7 34.Re1 Rce8 35.Nd3 Bb7 
36.Na5 Ba6 37.Nc5 Re2+ 38.Kf3 Rxe1 39.Rxe1 Rxe1 40.Nxc6 Bxc5 0-1

[Event "Jan Macieja Memorial"]
[Site "Warsaw POL"]
[Date "2023.07.10"]
[Round "7.39"]
[White "Czerwonski, Aleksander"]
[Black "Jasiulewicz, Dawid"]
[Result "1-0"]
[WhiteElo "2242"]
[BlackElo "1797"]
[EventDate "2023.07.10"]
[PlyCount "95"]

1.e4 e6 2.d4 d5 3.exd5 exd5 4.Bd3 Bd6 5.h3 c6 6.Qf3 Qc7 7.Ne2 Ne7 8.c3 Be6 
9.Na3 Nd7 10.Bf4 Nf6 11.Bxd6 Qxd6 12.Nc2 Ng6 13.Bxg6 hxg6 14.Nf4 Bf5 15.O-O-O 
Be4 16.Qg3 O-O-O 17.Rhe1 Rhe8 18.h4 Bf5 19.Ne3 Bd7 20.Qf3 Re4 21.Nd3 Rxh4 
22.Ne5 Be6 23.g3 Rh2 24.Rh1 Rxh1 25.Rxh1 c5 26.Kb1 Kb8 27.Qe2 cxd4 28.cxd4 Qb4 
29.Rd1 Rc8 30.f3 a5 31.g4 g5 32.Nc2 Qb6 33.Qd2 Qc7 34.Na3 Ne8 35.Nd3 Nd6 36.Nc5 
b6 37.Na6+ Kb7 38.Nxc7 Rxc7 39.Qxg5 f6 40.Qe3 Bf7 41.Qf4 Nc8 42.Nb5 Rd7 43.Rc1 
Ka6 44.Rc7 Be8 45.Rxc8 Re7 46.Qb8 Re1+ 47.Kc2 Bg6+ 48.Kd2 1-0

[Event "Jan Macieja Memorial"]
[Site "Warsaw POL"]
[Date "2023.07.10"]
[Round "7.40"]
[White "Fistek, Dariusz"]
[Black "Wieckowski, Michal"]
[Result "1-0"]
[WhiteElo "2159"]
[BlackElo "1792"]
[EventDate "2023.07.10"]
[PlyCount "71"]

1.d4 f5 2.c4 Nf6 3.Nf3 g6 4.g3 Bg7 5.Bg2 O-O 6.O-O d6 7.Nc3 c6 8.Qc2 Qe8 9.d5 
cxd5 10.cxd5 Bd7 11.Nd4 Na6 12.a3 Rc8 13.Qd1 Ng4 14.h3 Ne5 15.Ne6 Bxe6 16.dxe6 
Nc5 17.Bd5 Nc6 18.Be3 Rf6 19.Bg5 Rf8 20.Rc1 h6 21.Be3 Rf6 22.b4 Nxe6 23.Qb3 Qd7 
24.Nb5 Kh7 25.Nxa7 Nxa7 26.Bxa7 Ng5 27.h4 Ne4 28.Rfd1 Rxc1 29.Rxc1 Rf8 30.Be6 
Qd8 31.Rc8 Qxc8 32.Bxc8 Rxc8 33.Be3 Bf6 34.Qf7+ Kh8 35.Qxg6 Rg8 36.Qxh6# 1-0

[Event "Jan Macieja Memorial"]
[Site "Warsaw POL"]
[Date "2023.07.10"]
[Round "7.41"]
[White "Smetek, Michal"]
[Black "Zareba, Piotr"]
[Result "1-0"]
[WhiteElo "2036"]
[BlackElo "1743"]
[EventDate "2023.07.10"]
[PlyCount "153"]

1.d4 Nf6 2.c4 e6 3.g3 d5 4.Nf3 Be7 5.Bg2 O-O 6.O-O dxc4 7.Qa4 a6 8.Qxc4 b5 
9.Qc2 Bb7 10.Bd2 Nbd7 11.Ba5 Nb6 12.Nbd2 Rc8 13.b4 Ne8 14.e4 Nd6 15.Ne5 Qe8 
16.Rac1 Bf6 17.Bxb6 cxb6 18.Qd3 Bxe5 19.dxe5 Nc4 20.Nxc4 bxc4 21.Rxc4 Qb5 
22.Rd4 Qxe5 23.Rd1 h6 24.h4 a5 25.f4 Qb8 26.bxa5 bxa5 27.Kh2 Qa8 28.Qd2 a4 
29.a3 Kh7 30.Qb4 Rc2 31.Qxa4 Qxa4 32.Rxa4 f5 33.Kg1 Ra2 34.Rb4 Bxe4 35.Bxe4 
fxe4 36.Rxe4 Rxa3 37.Kg2 Rc8 38.Rg1 Rc2+ 39.Kh3 Raa2 40.Kg4 Ra6 41.Re5 Kg6 
42.h5+ Kf6 43.Rge1 Rc4 44.R5e3 Rc5 45.Rd3 Raa5 46.Rd6 Rxh5 47.Rdxe6+ Kf7 
48.Re7+ Kg8 49.Rc7 Rhc5 50.Rd7 Rd5 51.Re8+ Kh7 52.Rf7 h5+ 53.Kh4 Kh6 54.Re6+ 
Kh7 55.Ree7 Ra6 56.Rxg7+ Kh8 57.Rh7+ Kg8 58.Reg7+ Kf8 59.Rf7+ Kg8 60.Rhg7+ Kh8 
61.Rh7+ Kg8 62.Rfg7+ Kf8 63.Rb7 Kg8 64.Rxh5 Rxh5+ 65.Kxh5 Ra3 66.g4 Ra6 67.f5 
Rc6 68.Kg5 Ra6 69.f6 Ra8 70.Kg6 Rc8 71.g5 Ra8 72.Kh6 Kh8 73.g6 Kg8 74.Rg7+ Kh8 
75.Rh7+ Kg8 76.f7+ Kf8 77.Rh8+ 1-0

[Event "Jan Macieja Memorial"]
[Site "Warsaw POL"]
[Date "2023.07.10"]
[Round "7.42"]
[White "Zalega, Maciej"]
[Black "Kalus, Franciszek"]
[Result "0-1"]
[WhiteElo "1992"]
[BlackElo "1727"]
[EventDate "2023.07.10"]
[PlyCount "90"]

1.e4 e5 2.Nf3 Nc6 3.Bc4 Nf6 4.Ng5 d5 5.exd5 Na5 6.Bb5+ c6 7.dxc6 bxc6 8.Bd3 Nd5 
9.Nf3 Bd6 10.O-O Nf4 11.Re1 O-O 12.Bf1 Bg4 13.d4 exd4 14.Qxd4 Bxf3 15.Bxf4 Bxf4 
16.Qxf4 Bd5 17.c4 Be6 18.Nc3 Rb8 19.Rad1 Qe7 20.b3 Qb4 21.Ne4 Nb7 22.Ng5 Nc5 
23.Qh4 h6 24.Nxe6 Nxe6 25.Qe4 Ng5 26.Qf5 g6 27.Qf4 Rbe8 28.Rxe8 Rxe8 29.h4 Ne6 
30.Qxh6 Qc5 31.Bd3 Ng7 32.Bb1 Qb4 33.Qc1 Re2 34.Kf1 Qe7 35.Re1 Rxe1+ 36.Qxe1 
Qxh4 37.Qe4 Qh1+ 38.Ke2 Ne6 39.g3 Qc1 40.Kf3 Ng5+ 41.Kg2 Nxe4 42.Bxe4 c5 43.a4 
Qc3 44.Bd5 Qxb3 45.a5 Qa4 0-1

[Event "Jan Macieja Memorial"]
[Site "Warsaw POL"]
[Date "2023.07.10"]
[Round "7.43"]
[White "Krogulski, Maksymilian"]
[Black "Goslawski, Michal"]
[Result "1-0"]
[WhiteElo "1750"]
[BlackElo "1989"]
[EventDate "2023.07.10"]
[PlyCount "106"]

1.e4 c6 2.Nf3 d5 3.Nc3 dxe4 4.Nxe4 Nf6 5.Nxf6+ exf6 6.Bc4 Bd6 7.O-O O-O 8.d4 
Bg4 9.c3 a5 10.h3 Bh5 11.Re1 Na6 12.Be3 Nc7 13.Kh1 Qd7 14.d5 b5 15.dxc6 Qxc6 
16.Be2 Rfd8 17.Qc2 Rac8 18.Nd4 Qd5 19.Bxh5 Qxh5 20.Rad1 Nd5 21.Nf5 Nxe3 22.fxe3 
Bf8 23.e4 g6 24.Nd4 Bd6 25.Qd3 Qe5 26.Nf3 Qc5 27.Qd5 Be7 28.Qxc5 Bxc5 29.Rd5 
Kf8 30.Red1 Ke7 31.e5 Rxd5 32.exf6+ Kxf6 33.Rxd5 Ke6 34.Re5+ Kf6 35.Rd5 h6 
36.Nd2 Ke6 37.Rd3 Be7 38.Nf3 b4 39.Nd4+ Kf6 40.Rf3+ Kg7 41.Ne2 Bf6 42.Kg1 Rd8 
43.cxb4 axb4 44.Rb3 Be7 45.Kf2 Rd2 46.Ke3 Rc2 47.Kd3 Rc7 48.Nd4 Rd7 49.Kc4 Rc7+ 
50.Kd5 Rd7+ 51.Kc4 Ra7 52.Nc6 Rc7 53.Kb5 Bf8 1-0

[Event "Jan Macieja Memorial"]
[Site "Warsaw POL"]
[Date "2023.07.10"]
[Round "7.44"]
[White "Hury, Tymoteusz"]
[Black "Podgorski, Maciej"]
[Result "0-1"]
[WhiteElo "1827"]
[BlackElo "1945"]
[EventDate "2023.07.10"]
[PlyCount "106"]

1.e4 e5 2.Nf3 Nc6 3.Nc3 Nf6 4.h3 Bb4 5.Nd5 Bc5 6.Nxf6+ Qxf6 7.c3 O-O 8.b4 Bb6 
9.Bc4 d6 10.d3 h6 11.g4 Be6 12.g5 hxg5 13.Bxg5 Qg6 14.Bb3 Qh5 15.Qe2 Bxb3 
16.axb3 f5 17.Rg1 fxe4 18.Nh4 Bxf2+ 19.Kd2 Qxe2+ 20.Kxe2 Bxg1 21.Rxg1 exd3+ 
22.Kxd3 Kh7 23.Be3 d5 24.b5 e4+ 25.Kd2 Ne5 26.Ke2 Nf3 27.Nxf3 exf3+ 28.Kf2 Rae8 
29.Bd4 Re2+ 30.Kf1 Rf7 31.Rg5 c6 32.bxc6 bxc6 33.Rh5+ Kg6 34.Rh4 f2 35.Rg4+ Kh7 
36.Rxg7+ Rxg7 37.Kxe2 Rg3 38.Kxf2 Rxh3 39.Ke2 Kg6 40.Kd2 a6 41.b4 Kf5 42.Kc2 
Ke4 43.Kb3 Rd3 44.Bb6 Rd1 45.Kc2 Rh1 46.Kb3 Kd3 47.Bd4 Rh4 48.Bb6 Rc4 49.Ka4 
Kxc3 50.Bc7 Rxb4+ 51.Ka3 Rb7 52.Ba5+ Kc2 53.Be1 d4 0-1

[Event "Jan Macieja Memorial"]
[Site "Warsaw POL"]
[Date "2023.07.10"]
[Round "7.45"]
[White "Zajkowska, Olga"]
[Black "Marcinczyk, Monika"]
[Result "0-1"]
[WhiteElo "1722"]
[BlackElo "1945"]
[EventDate "2023.07.10"]
[PlyCount "50"]

1.d4 g6 2.c4 Bg7 3.Nc3 b6 4.e4 Bb7 5.f3 d6 6.Nh3 e5 7.d5 Nd7 8.Nf2 f5 9.Bd3 Ne7 
10.Bd2 O-O 11.Qc1 f4 12.Be2 Nf6 13.g3 Nh5 14.g4 Nf6 15.h4 Qd7 16.h5 c6 17.hxg6 
hxg6 18.g5 Nh5 19.Ng4 cxd5 20.cxd5 Rac8 21.Bb5 Qc7 22.Qd1 Qc5 23.Be2 Ng3 
24.Nh6+ Bxh6 25.Rxh6 Qg1+ 0-1

[Event "Jan Macieja Memorial"]
[Site "Warsaw POL"]
[Date "2023.07.10"]
[Round "7.46"]
[White "Bury, Milosz"]
[Black "Pesko, Tomasz"]
[Result "1-0"]
[WhiteElo "1651"]
[BlackElo "1904"]
[EventDate "2023.07.10"]
[PlyCount "141"]

1.e4 c5 2.Nf3 d6 3.d4 cxd4 4.Qxd4 a6 5.Nc3 Nc6 6.Qd3 Nf6 7.Bg5 e6 8.O-O-O Be7 
9.g3 b5 10.Bg2 Bb7 11.Rhe1 Qc7 12.Kb1 Rd8 13.h4 h6 14.Bf4 e5 15.Bc1 Na5 16.Nd2 
Nc4 17.Nxc4 bxc4 18.Qe2 O-O 19.Nd5 Bxd5 20.exd5 c3 21.b3 a5 22.f4 e4 23.Bxe4 
Nxe4 24.Qxe4 Rfe8 25.Qa4 Rb8 26.Re4 Rec8 27.Rde1 Bf6 28.Re8+ Rxe8 29.Rxe8+ Rxe8 
30.Qxe8+ Kh7 31.Qe4+ Kg8 32.a4 Qd7 33.f5 Qa7 34.Be3 Qa6 35.Qc4 Qb7 36.Bd4 Bxd4 
37.Qxd4 Qc7 38.g4 Kf8 39.g5 Qc8 40.gxh6 Qxf5 41.Qxg7+ Ke8 42.Qg8+ Kd7 43.Qg2 
Qh7 44.Qg4+ Ke7 45.Qg5+ Kd7 46.Qf6 Qg8 47.Qg7 Qe8 48.Qxc3 Qe4 49.Qh3+ Ke7 
50.Qd3 Qe1+ 51.Ka2 Qxh4 52.h7 Kf8 53.Qf5 Kg7 54.Qd3 Qh5 55.Qg3+ Kxh7 56.Qxd6 
Qe2 57.Qc5 Qd2 58.Qc4 Kg7 59.Kb2 Kf6 60.Qc3+ Qxc3+ 61.Kxc3 Ke5 62.d6 Kxd6 
63.Kd4 f6 64.c3 Kc6 65.b4 axb4 66.cxb4 Kd6 67.Ke4 Kc6 68.Kf5 Kd5 69.Kxf6 Kc4 
70.a5 Kb5 71.Ke5 1-0

[Event "Jan Macieja Memorial"]
[Site "Warsaw POL"]
[Date "2023.07.10"]
[Round "7.47"]
[White "Matskevich, Varvara"]
[Black "Lasota, Adam"]
[Result "1/2-1/2"]
[WhiteElo "1628"]
[BlackElo "1903"]
[EventDate "2023.07.10"]
[PlyCount "139"]

1.d4 b6 2.e4 Bb7 3.Bd3 e6 4.Nf3 c5 5.c3 Nf6 6.Qe2 Be7 7.O-O d5 8.e5 Nfd7 9.Bf4 
Nc6 10.a3 c4 11.Bc2 b5 12.Nbd2 a5 13.Rfb1 b4 14.Re1 b3 15.Bb1 g6 16.Bh6 Bf8 
17.Bg5 Ne7 18.Nf1 h6 19.Bxe7 Bxe7 20.Ng3 Nf8 21.Nd2 Nh7 22.Qg4 Qd7 23.h4 h5 
24.Nxh5 gxh5 25.Qxh5 O-O-O 26.Bxh7 f5 27.exf6 Bxf6 28.Qf3 Bxh4 29.Bg6 Rdf8 
30.Qe3 Bxf2+ 31.Qxf2 Rxf2 32.Kxf2 Qd6 33.Nf3 Rf8 34.Re5 Rf6 35.Bh5 Kc7 36.Rae1 
Bc8 37.g4 Qf8 38.R1e3 Qh6 39.g5 Rxf3+ 40.Bxf3 Qh2+ 41.Bg2 Bd7 42.g6 Qf4+ 43.Kg1 
Qg4 44.g7 Qxg7 45.Re2 Qg6 46.R5e3 Qb1+ 47.Kh2 Qh7+ 48.Kg1 Qg6 49.Re5 Qg4 50.Kh2 
Kd6 51.Bh3 Qf4+ 52.Kg1 Qg3+ 53.Bg2 Bc8 54.R2e3 Qf4 55.Re2 Bd7 56.R2e3 Qg4 
57.Re2 Qg3 58.R5e3 Qf4 59.Bh3 Qg5+ 60.Kh2 Qh6 61.Re5 Kc7 62.Kg2 Qg6+ 63.Kh1 Qh6 
64.Kg2 Qg6+ 65.Kf2 Qf6+ 66.Kg2 Qg6+ 67.Kh2 Qh6 68.Kg2 Qg6+ 69.Kh2 Qh6 70.Kg2 1/2-1/2

[Event "Jan Macieja Memorial"]
[Site "Warsaw POL"]
[Date "2023.07.10"]
[Round "7.48"]
[White "Malik, Maciej"]
[Black "Staszewski, Krzysztof"]
[Result "1-0"]
[WhiteElo "1886"]
[BlackElo "1488"]
[EventDate "2023.07.10"]
[PlyCount "109"]

1.e4 d5 2.exd5 Nf6 3.Nf3 Nxd5 4.Bc4 c6 5.O-O g6 6.d4 Bg7 7.c3 O-O 8.Nbd2 Nd7 
9.Bb3 N7f6 10.Re1 Re8 11.Ne5 Be6 12.Ndf3 Qc7 13.Ng5 b5 14.Nxe6 fxe6 15.Nd3 Qd6 
16.Qe2 Kf7 17.Nc5 e5 18.Qxe5 Qxe5 19.dxe5 Ng4 20.e6+ Kg8 21.h3 Nh6 22.Bxh6 Bxh6 
23.Rad1 Rad8 24.Bxd5 cxd5 25.Nd7 Bf4 26.Rxd5 a6 27.Red1 Bd6 28.g3 Kg7 29.Kg2 
Rc8 30.f4 Rc4 31.R1d4 Rc6 32.Kf3 Bc7 33.Nc5 Bb6 34.b4 Bxc5 35.Rxc5 Rxe6 36.Re4 
Rd6 37.Rc7 Kf6 38.g4 Rd3+ 39.Re3 Rd2 40.Rc6+ e6 41.Rxa6 Rh2 42.g5+ Kf7 43.Ra7+ 
Kg8 44.Kg3 Rd2 45.a4 bxa4 46.Rxa4 Rc2 47.Ra5 Rd8 48.Rae5 Rdd2 49.Rxe6 Rg2+ 
50.Kf3 Rgf2+ 51.Ke4 Rfd2 52.Ke5 Rh2 53.Kf6 h5 54.Re8+ Kh7 55.R3e7# 1-0

[Event "Jan Macieja Memorial"]
[Site "Warsaw POL"]
[Date "2023.07.10"]
[Round "7.49"]
[White "Krzyzewski, Radoslaw"]
[Black "Gbiorczyk, Mikolaj"]
[Result "0-1"]
[WhiteElo "1612"]
[BlackElo "1874"]
[EventDate "2023.07.10"]
[PlyCount "60"]

1.e4 c5 2.Nf3 Nc6 3.d4 cxd4 4.Nxd4 e6 5.Nc3 Qc7 6.Be2 a6 7.a4 Nf6 8.Bg5 Bb4 
9.O-O Bxc3 10.bxc3 Nxe4 11.Bd2 d5 12.Bd3 Nxd2 13.Qxd2 O-O 14.Qg5 e5 15.Nf5 Bxf5 
16.Bxf5 Ne7 17.Bg4 f6 18.Be6+ Kh8 19.Qg3 Qc6 20.Bg4 f5 21.Qxe5 Ng6 22.Qd4 fxg4 
23.Rab1 b5 24.axb5 axb5 25.Qxg4 Rf4 26.Qg5 Raf8 27.f3 Qxc3 28.Qxd5 b4 29.Qb7 
Qxc2 30.Rxb4 Qc5+ 0-1